Fertigungstechnik : Zeitschrift für Technologie und Organisation

Nový název: Fertigungstechnik und Betrieb
Jazyk: Němčina
Vydáno: Berlin : Technik
Témata:
Fyzický popis: 1951-1958
Odebírané ročníky: 1952-58
Odebírané svazky: 2-8
Noviny a časopisy
Uloženo v:
LEADER 00648nas a2200193 a 4500
001 000937053
003 CZ BrMZK
005 20210827134751.0
008 961001d19511958gw mr ger d
022 |a 0015-024X 
040 |a BOA001  |b cze 
245 0 0 |a Fertigungstechnik :  |b Zeitschrift für Technologie und Organisation 
260 |a Berlin :  |b Technik 
300 |a 1951-1958 
653 0 |a technologie 
785 0 0 |t Fertigungstechnik und Betrieb 
910 |a BOA001  |b TK-Č-0045.620  |r 1952-58  |s 2-8 
990 |a SE 
996 6 |b BC-689843  |c TK-Č-0045.620  |d 1952 2  |v 2  |y 1952  |l Stud. periodik/2.patro  |r DEP / do 15 dnů  |n 0  |h H309/2  |w 000937053  |u 000010  |a 240  |e BOA001  |j MZK50  |s P